Les villes de France à la dynamique démographique la plus faible - Statistiques

Statistiques générales
  • Ce quiz a été pris 52 fois
  • Le résultat moyen est 2 sur 20
Statistiques - réponses
Croissance en dix ans Ville % Correct
-1,12 % Saint-Étienne
72%
-1,09 % Tulle
38%
-1,05 % Le Creusot
15%
-1,20 % Montceau-les-Mines
15%
-1,20 % Ajaccio
13%
-1,11 % Dreux
11%
-1,99 % Firminy
6%
-1,89 % Forbach
6%
-1,45 % Le Chambon-Feugerolles
6%
-1,05 % Allonnes
4%
-1,07 % Fameck
4%
-1,00 % La Chapelle-Saint-Luc
4%
-2,39 % Pointe-à-Pitre
4%
-1,31 % Port-de-Bouc
4%
-1,42 % Saint-Pierre-des-Corps
4%
-1,33 % Vaulx-en-Velin
4%
-1,31 % Arcueil
2%
-1,34 % Basse-Terre
2%
-1,16 % Villeneuve-le-Roi
2%
-1,17 % Thiers
0%
Aucun quiz correspondant
Distribution des résultats
% des personnes avec chaque résultat
Percentile par nombre de réponses
Votre historique - résultats
Vous n’avez pas pris ce quiz